000 00771nam a2200241Ia 4500
003 GCL
008 140319s9999 xx 000 0 ara d
020 _a3527402977
040 _aGCL /
_cGCL
082 0 4 _a810.9
_bط م
100 1 _aطه حسين
245 1 0 _aمستقبل الثقافة فى مصر (هدية من الاديب عبدالفتاح الجمل) /
_cطه حسين
250 _aالثانية
260 _aالقاهرة :
_bدار المعارف ،
_c1996
300 _a303ص ؛
_c24سم
650 0 4 _aالادب العربى
650 0 4 _aمصر
650 0 4 _aالثقافة العربية
650 0 4 _aالوعى الاجتماعى
650 0 4 _aطه حسين
650 0 4 _aالثقافة الاسلامية - مصر
942 _2ddc
_cBK
999 _c40690
_d40690